000 00452nam a22001817a 4500
003 Ost
005 20250402232310.0
008 250402b |||||||| |||| 00| 0 eng d
020 _a971473672871
040 _cBT-Phcst
050 _a4640
_b1
082 _21st ed
_a158.1
100 _aCarlson,Richard
245 _aDon't Sweat the Small Stuff.
260 _aUK :
_bHodder & Stoughton,
_cC2017.
300 _a207 p. :
_bill. ;
_c17.5 cm.
942 _2ddc
_cF
999 _c9978
_d9978